| 000 | 00833 a2200241 4500 | ||
|---|---|---|---|
| 001 | sjds | ||
| 003 | sjds | ||
| 005 | 20241002221943.0 | ||
| 008 | 241002b |||||||| |||| 00| 0 spa d | ||
| 020 | _a9788434865587 | ||
| 020 | _a8434865580 | ||
| 040 | _csjds | ||
| 041 | _aspa | ||
| 100 | _aBiegel, Paul | ||
| 245 |
_aVienen por la noche / _cPaul Biegel ; traduccion del neerlandes, Nadine Belien. |
||
| 260 |
_aMadrid : _bEdiciones SM, _c2001. |
||
| 300 |
_a184 pages ; _c19 cm. |
||
| 440 |
_aBarco de vapor. _pSerie roja ; _v111. |
||
| 500 | _aEn esta novela el creador de soldados pasa las horas muertas fabricando soldaditos de plomo. Una noche los soldados de plomo salen al combate y el ejercito de estano los esta esperando. | ||
| 500 | _aTitulo original: De soldatenmaker. | ||
| 700 | _aBelien, Nadine | ||
| 942 | _cBK | ||
| 999 |
_c7387 _d7387 |
||